Dream Academy (KATSEYE) - Qui a débuté ? - Statistiques

Statistiques générales
  • Ce quiz a été pris 12 fois
  • Le résultat moyen est 11 sur 14
Statistiques - réponses
Hint Réponse % Correct
KATSEYE Lara
100%
KATSEYE Manon
100%
KATSEYE Daniela
91%
KATSEYE Megan
91%
KATSEYE Sophia
91%
KATSEYE Yoonchae
91%
Solo Adéla
82%
Prelude Samara
82%
Prelude Emily
73%
Solo Karlee
73%
Prelude Lexie
73%
Solo Brooklyn
45%
Solo Iliya
45%
SAYMYNAME Mei
45%
Aucun quiz correspondant
Distribution des résultats
% des personnes avec chaque résultat
Percentile par nombre de réponses
Votre historique - résultats
Vous n’avez pas pris ce quiz